Stolice państw graniczących z Turcją - Statystyki

Ogólne statystyki
  • Ten quiz został rozwiązany 11 razy
  • Średni wynik to 5 z 7
Statystyki odpowiedzi
Stolica % Poprawnych
Ateny
100%
Sofia
90%
Damaszek
80%
Erywań
70%
Tbilisi
70%
Teheran
70%
Bagdad
40%
Nie znaleziono quizów pasujących do podanych kryteriów
Rozkład punktacji
Procent ludzi z każdym wynikiem
Percentyl według liczby udzielonych odpowiedzi
Twoja historia wyników
Nie rozwiązałeś tego quizu